000 01037nam a2200241Ia 4500
999 _c52960
_d52960
001 19991
003 GE_BSU
005 20200527213722.0
008 181216s1986||||ge |||||||||||||| ||geo||
040 _cGE_BSU
041 _ageo
080 _a81'374(038)=353.1'373.23 ღ-73
100 _aღლონტი, ალ.
_91038
245 _aქართველური საკუთარი სახელები :
_b ანთროპონიმთა ლექსიკონი /
_cალ. ღლონტი ; რედ. ნ. თეთრაძე.
250 _aმე-2 შევსებული გამოემა
264 _aთბილისი :
_bსაბჭ. საქართველო,
_c1986.
300 _a333გვ. ;
_c22სმ
541 _h3ლ.20თ.
653 _aქართველური საკუთარი სახელები
653 _aქართული ენა
700 _aთეთრაძე, ნ.
_eრედაქტორი
_95067
942 _cBK
_2udc